[Event "Irish Championship 2018"]
[Site "Dublin IRL"]
[Date "2018.08.12"]
[Round "9.11"]
[White "O'Connell, Gerard"]
[Black "O'Neill, Paul"]
[Result "1-0"]
[WhiteElo "2148"]
[BlackElo "1985"]
[WhiteICU "2099"]
[BlackICU "1991"]
[WhiteClub "St. Benildus"]
[BlackClub "Elm Mount"]
[WhiteNationality "IRL"]
[BlackNationality "IRL"]
[WhiteFideId "2500493"]
[BlackFideId "2507692"]
[PlyCount "75"]
[EventDate "2018.08.04"]
[Source "Scoresheet"]

{ Event information: <a
href="https://www.irlchess.com/irlch2018_allfiles/pairings_irlch2018.html">Tournament
report</a>. }

1. d4 d5 2. c4 e6 3. Nc3 a6 4. cxd5 exd5 5. Bf4 Bd6 6. Bxd6 Qxd6 7. Qc2 Nf6
8. e3 O-O 9. Nf3 Nc6 10. a3 Bg4 11. Bd3 Rfe8 12. O-O Bxf3 13. gxf3 Ne7 14.
Kh1 c5 15. dxc5 Qxc5 16. Ne4 Nxe4 17. Bxe4 Qxc2 18. Bxc2 Nc6 19. Rfd1 Rad8
20. Rac1 Ne5 21. Bb3 Nxf3 22. Bxd5 Ne5 23. Rc7 b5 24. Ra7 g6 25. Rxa6 Kh8
26. Rd4 f5 27. Rb6 Ng4 28. Kg2 f4 29. e4 Re5 30. h3 Nh6 31. Rxb5 f3+ 32.
Kxf3 Rf8+ 33. Ke2 Nf5 34. Rdb4 Rfe8 35. Kd3 Ne7 36. Rb8 Nxd5 37. Rxe8+ Rxe8
38. exd5 1-0

[Event "Irish Championship 2018"]
[Site "Dublin IRL"]
[Date "2018.08.12"]
[Round "9.13"]
[White "Cafolla, Peter"]
[Black "Keogh, Eamon"]
[Result "1/2-1/2"]
[BlackTitle "NM"]
[WhiteElo "1955"]
[BlackElo "1960"]
[WhiteICU "1939"]
[BlackICU "1888"]
[WhiteClub "Rathmines"]
[BlackClub "Kilkenny"]
[WhiteNationality "IRL"]
[BlackNationality "IRL"]
[WhiteFideId "2500884"]
[BlackFideId "2500264"]
[PlyCount "73"]
[EventDate "2018.08.04"]
[Source "Scoresheet"]

{ Event information: <a
href="https://www.irlchess.com/irlch2018_allfiles/pairings_irlch2018.html">Tournament
report</a>. }

1. e4 e6 2. d4 d5 3. e5 c5 4. c3 Nc6 5. Nf3 Bd7 6. a3 a5 7. b3 f6 8. Bd3
fxe5 9. dxe5 Qc7 10. Bf4 g6 11. O-O Bg7 12. Re1 Nge7 13. Qd2 O-O 14. a4 Nd8
15. Na3 Nf7 16. Re2 h6 17. Qc2 g5 18. Bg3 g4 19. Nh4 Ng5 20. Rae1 Qc8 21.
Qd2 Bc6 22. Nb5 Bxb5 23. Bxb5 d4 24. cxd4 Rd8 25. Rc1 Rxd4 26. Qc2 b6 27.
Bc4 Qd7 28. f4 gxf3 29. Nxf3 Nxf3+ 30. gxf3 Rd8 31. Bf2 { White offered a
draw. } 31... Rd1+ 32. Rxd1 Qxd1+ 33. Qxd1 Rxd1+ 34. Kg2 Kf7 35. f4 Nd5 36.
Kf3 Ne7 37. Re1 1/2-1/2

[Event "Irish Championship 2018"]
[Site "Dublin IRL"]
[Date "2018.08.12"]
[Round "9.14"]
[White "Nemeth, Zalan"]
[Black "Melaugh, Gavin"]
[Result "1/2-1/2"]
[WhiteElo "1876"]
[BlackElo "2029"]
[WhiteICU "1818"]
[BlackICU "1999"]
[WhiteClub "Galway"]
[BlackClub "Elm Mount"]
[WhiteNationality "IRL"]
[BlackNationality "IRL"]
[WhiteFideId "2512041"]
[BlackFideId "2509571"]
[PlyCount "59"]
[EventDate "2018.08.04"]
[Source "Scoresheet"]

{ Event information: <a
href="https://www.irlchess.com/irlch2018_allfiles/pairings_irlch2018.html">Tournament
report</a>. }

1. c4 e5 2. g3 Nf6 3. Bg2 d5 4. cxd5 Nxd5 5. Nc3 Nb6 6. Nf3 Nc6 7. O-O Be7
8. Rb1 Be6 9. b4 f6 10. b5 Nd4 11. e3 Nxf3+ 12. Bxf3 Rb8 13. Qc2 f5 14. d4
e4 15. Be2 h5 16. f3 { White offered a draw. } 16... h4 17. fxe4 hxg3 18.
exf5 gxh2+ 19. Kh1 Bf7 20. a4 Rh3 21. Rf3 Rh4 22. Rg3 Nd5 23. Bf3 Nxc3 24.
Qxc3 Bd5 25. Bg2 { White offered a draw. } 25... Bd6 26. Bxd5 Bxg3 27. e4
Qd6 28. Ba3 Qf4 29. Bc6+ Kd8 30. Qb3 $18 1/2-1/2

[Event "Irish Championship 2018"]
[Site "Dublin IRL"]
[Date "2018.08.12"]
[Round "9.15"]
[White "Tirziman, Rudolf"]
[Black "Rush, Stephen"]
[Result "0-1"]
[WhiteElo "1943"]
[BlackElo "2025"]
[WhiteICU "1902"]
[BlackICU "1903"]
[WhiteClub "Blanchardstown"]
[BlackClub "Strand"]
[WhiteNationality "IRL"]
[BlackNationality "IRL"]
[WhiteFideId "2508664"]
[BlackFideId "2512173"]
[PlyCount "122"]
[EventDate "2018.08.04"]
[Source "Scoresheet"]

{ Event information: <a
href="https://www.irlchess.com/irlch2018_allfiles/pairings_irlch2018.html">Tournament
report</a>. }

1. e4 e6 2. d4 d5 3. Nd2 c5 4. exd5 Qxd5 5. Ngf3 cxd4 6. Bc4 Qd6 7. O-O Nf6
8. Nb3 Nc6 9. Nbxd4 Nxd4 10. Nxd4 a6 11. Re1 Qc7 12. Bb3 Bd6 13. Nf5 Bxh2+
14. Kh1 O-O 15. Nxg7 Rd8 16. Qf3 Kxg7 17. Bh6+ Kg6 18. c3 Nh5 19. Bc1 Bf4
20. g4 Bxc1 21. gxh5+ Kg7 22. Raxc1 b6 23. Rg1+ Kf8 24. Qe3 Bb7+ 25. f3 Qc5
26. Qxc5+ bxc5 27. Rgf1 Rd2 28. Rc2 Rad8 29. Rf2 R2d3 30. Kg2 Ke7 31. Bc4
Rg8+ 32. Kf1 Rd1+ 33. Ke2 Rh1 34. h6 Rxh6 35. b4 Rh4 36. f4 Rgg4 37. bxc5
Rxf4 38. Rxf4 Rxf4 39. c6 Bxc6 40. Bxa6 h5 41. Ke1 h4 42. Bf1 e5 43. Rb2
Kd6 44. Rb8 Bd7 45. Rb2 Kc5 46. Rb8 f6 47. Rd8 Be6 48. Ra8 Bg4 49. a4 Rf3
50. Ra5+ Kb6 51. Ra8 Rxc3 52. Ra6+ Kc5 53. Rxf6 Kd4 54. Kd2 Rf3 55. Rg6
Rf2+ 56. Ke1 Rf4 57. Rb6 Kc3 58. a5 Ra4 59. a6 e4 60. Rc6+ Kd4 61. Rd6+ Ke3
0-1

[Event "Irish Championship 2018"]
[Site "Dublin IRL"]
[Date "2018.08.12"]
[Round "9.16"]
[White "Manojlovic, Mihailo"]
[Black "Nolan, Conor"]
[Result "1/2-1/2"]
[WhiteElo "1988"]
[BlackElo "1935"]
[WhiteICU "2022"]
[BlackICU "1914"]
[WhiteClub "St. Benildus"]
[BlackClub "Gonzaga"]
[WhiteNationality "IRL"]
[BlackNationality "IRL"]
[WhiteFideId "2507633"]
[BlackFideId "2509466"]
[PlyCount "59"]
[EventDate "2018.08.04"]
[Source "Scoresheet"]

{ Event information: <a
href="https://www.irlchess.com/irlch2018_allfiles/pairings_irlch2018.html">Tournament
report</a>. }

1. e4 c6 2. d4 d5 3. Nc3 dxe4 4. Nxe4 Bf5 5. Ng3 Bg6 6. Nh3 Nf6 7. Nf4 e5
8. Nxg6 hxg6 9. dxe5 Qxd1+ 10. Kxd1 Ng4 11. Ne4 Nxe5 12. Bf4 Nbd7 13. Be2
O-O-O 14. Kc1 f5 15. Nd2 Be7 16. Nc4 Nf7 17. Be3 Nd6 18. h3 Nxc4 19. Bxc4
Bf6 20. Be2 Nb6 21. a4 Rhe8 22. Bxb6 axb6 23. Bd3 Bg5+ 24. Kd1 Bh4 25. g3
Bf6 26. Ra2 Bd4 27. Rf1 Re5 28. Kd2 Bc5 29. Kc3 Rde8 30. Kd2 { And the
score now becomes garbled: 30... Bc5 (the bishop is already there) 31. Raa1
g5 32. Kd2 (the king is already there) 32... f4 33. gxf4 gxf4 34. Rae1 Kd8
35. Rxe5 Rxe5 36. c3 Rh5 37. b4 Be7 38. Rg1 g5. } 1/2-1/2

[Event "Irish Championship 2018"]
[Site "Dublin IRL"]
[Date "2018.08.12"]
[Round "9.17"]
[White "Nolan, Dermot"]
[Black "Kennedy, John P. A."]
[Result "1/2-1/2"]
[WhiteElo "1841"]
[BlackElo "2077"]
[WhiteICU "1759"]
[BlackICU "1999"]
[WhiteClub "Gonzaga"]
[BlackClub "Dublin"]
[WhiteNationality "IRL"]
[BlackNationality "IRL"]
[WhiteFideId "2510260"]
[BlackFideId "2501120"]
[PlyCount "108"]
[EventDate "2018.08.04"]
[Source "Scoresheet"]

{ Event information: <a
href="https://www.irlchess.com/irlch2018_allfiles/pairings_irlch2018.html">Tournament
report</a>. }

1. e4 c5 2. Nf3 d6 3. d4 cxd4 4. Nxd4 Nf6 5. Nc3 a6 6. Bg5 e6 7. f4 b5 8.
Qf3 Bb7 9. Bd3 Nbd7 10. O-O-O Be7 11. Rhe1 Qa5 12. Kb1 b4 13. Nce2 O-O 14.
g4 Rfc8 15. Bxf6 Bxf6 16. g5 Be7 17. h4 Nc5 18. f5 Nxd3 19. cxd3 e5 20. f6
exd4 21. fxe7 Qe5 22. Rf1 Qxe7 23. Nxd4 Rc7 24. Nf5 Qe5 25. Rc1 Rac8 26.
Rxc7 Rxc7 27. Qf4 Rd7 28. Qe3 d5 29. exd5 Qxe3 30. Nxe3 Bxd5 31. Nxd5 Rxd5
32. Kc2 Rd4 33. Re1 f5 34. gxf6 gxf6 35. Re4 Rxe4 36. dxe4 Kf7 37. Kb3 Ke6
38. Kxb4 Ke5 39. Kc3 Kxe4 40. b4 Ke3 41. a4 f5 42. b5 axb5 { Black offered
a draw. } 43. axb5 f4 44. b6 f3 45. b7 f2 46. b8=Q f1=Q 47. Qe5+ Kf2 48.
Qf5+ Kg2 49. Qxh7 Qf6+ 50. Kd2 Qd4+ 51. Ke2 Qe5+ 52. Kd3 Kh3 53. h5 Kh4 54.
h6 Kh5 1/2-1/2